000 00701nam a22002177a 4500
003 UA-OsUOA
001 67605
007 ta
008 20100304b un ||||| |||| 00| 0 ukr d
100 _aМартинюк В.П.
090 _a330(477)
_bМ29
942 _cSA
040 _aUA-OsUOA
_bukr
_cUA-OsUOA
_dUA-OsUOA
245 _aЧинники впливу на прогнозовані обсяги надходжень до державного бюджету від митних платежів
300 _aС.29-38
955 _a0
041 _aukr
080 _a330(477)
773 0 _w67604
_tФінанси України
_dК.
_d2010
_g1
650 7 _a330 Економіка взагалі
_2UDC
999 _c353836
_d353836